The Hunnic language of the Attila clan

Elmentve itt :
Bibliográfiai részletek
Szerző: Pricak Omelân
Dokumentumtípus: Cikk
Megjelent: 1982
Sorozat:Harvard Ukrainian Studies
Kulcsszavak:Személynevek - hun - etimológia, Hun nyelv - nevek
Tárgyszavak:
Online Access:http://misc.bibl.u-szeged.hu/68430
LEADER 00785nab a2200241 i 4500
001 misc68430
005 20230508093707.0
008 230206s1982 hu o 0|| eng d
040 |a SZTE Miscellanea Repozitórium  |b hun 
041 |a eng 
041 |a tut 
100 1 |a Pricak Omelân 
245 1 4 |a The Hunnic language of the Attila clan  |h [elektronikus dokumentum] /  |c  Pricak Omelân 
260 |c 1982 
300 |a 428-476  |c 22 cm 
300 |a [49] p.  |c 22 cm 
490 0 |a Harvard Ukrainian Studies 
561 |a Németh Gyula hagyaték 
591 |a LOA 2928;OA 4715 
650 4 |a Bölcsészettudományok 
650 4 |a Nyelvek és irodalom 
695 |a Személynevek - hun - etimológia, Hun nyelv - nevek 
856 4 0 |u http://misc.bibl.u-szeged.hu/68430/1/4715_oa.pdf  |z Dokumentum-elérés